000 00754nam a2200265Ia 4500
003 OSt
005 20220918164644.0
006 a|||||r|||| 00| 0
007 ta
008 220917b |||||||| |||| 00| 0 eng d
020 _a0709920326
024 _a24,838
037 _cTextual
040 _aARTS
_cARTS
_beng
041 _2eng
_aeng
082 _aO111:g (Y), M5-;2
100 _aMartindale Joanna Ed.
_919899
245 0 _aEnglish humanism
_b Wyatt to Cowley ed. by Joanna Martindale
260 _aLondon
_bCroom Helm UK
_c1985
300 _ax,292p.
_ccm.
490 _aWorld and world series
650 _aENGLISH LITERATURE
942 _hO111:g (Y), M5-;2
_cTEXL
_2CC
999 _c125779
_d125779